000 00481cam a2200145 4500500
005 20251012045813.0
041 _afre
042 _adc
100 1 0 _aN’Diaye, Aïda
_eauthor
245 0 0 _aL’Art du combat. Philosophie des arts martiaux
260 _c2020.
500 _a17
786 0 _nPhilosophie magazine | 142 | 9 | 2020-09-01 | p. 103-103 | 1951-1787
856 4 1 _uhttps://shs.cairn.info/magazine-philosophie-magazine-2020-9-page-103?lang=fr&redirect-ssocas=7080
999 _c1549358
_d1549358